| 000 | 00621nam a2200205 i 4500 | ||
|---|---|---|---|
| 001 | 20842 | ||
| 003 | ES-MaACL | ||
| 005 | 20260210162429.0 | ||
| 007 | t| | ||
| 008 | 021119s1919 fr ||||1| fre d | ||
| 100 | 1 |
_aAdolphe-Bellair, G. _918460 |
|
| 245 | 1 | 0 |
_aPares et jardins / _cpar el Pierre Adolphe-Bellair ; introduction par le Dr. P. Regnard. |
| 260 |
_aCorbeil : _bCrete, _c1919. |
||
| 300 |
_a383 p. ; _c19 cm. |
||
| 490 | 1 | _aEncyclopédie agricole | |
| 700 | 1 |
_aRegnard, Paul ( _d1850-1927) _9150831 |
|
| 830 | 0 |
_aEncyclopédie agricole _9180885 |
|
| 852 |
_aES-MaACL _jD-3652 |
||
| 999 |
_c20842 _d20842 |
||